The man who

Αποθηκεύτηκε σε:
Λεπτομέρειες βιβλιογραφικής εγγραφής
Κύριος συγγραφέας: Brook, Peter, 1925-2022
Άλλοι συγγραφείς: Estienne, Marie-Hélène
Μορφή: Βιβλίο
Γλώσσα:Greek
English
Δημοσίευση: [Αθήνα : χ. ό., 2005].
Θέματα:
Ετικέτες: Προσθήκη ετικέτας
Δεν υπάρχουν, Καταχωρήστε ετικέτα πρώτοι!

MARC

LEADER 00000nam a2200000 a 4500
001 1/127048
008 230718s2005####gr | ||| |||| ||gre||
040 |a GR-MyUa  |b gre  |c GR-MyUa  |e AACR2 
041 1 |a gre  |h eng 
082 7 |a 822   |2 (23) 
100 1 |a Brook, Peter,   |d 1925-2022. 
245 1 4 |a The man who /   |c Peter Brook, Marie-Helene Estienne ; μετάφραση: Δημήτρης Τάρλοου ; μετάφραση ιδιολέκτου: Στρατής Πασχάλης. 
260 |a [Αθήνα :   |b χ. ό.,   |c 2005]. 
300 |a 91 σ. :   |b εικ. ;   |c 24 εκ. 
500 |a Βασισμένο στο βιβλιο του νευρολόγου Oliver Sacks Ο άνθρωπος που μπέρδεψε τη γυναίκα του με ένα καπέλο και άλλες κλινικές ιστορίες. 
500 |a Πρώτη παράσταση 25/11/2005, Θέατρο Πορεία. 
508 |a Σκηνοθεσία, Renate Jett ; σκηνικά, κοστούμια, Sylvia Weber ; σύνθεση ήχων, Δημήτρης Ιατρόπουλος ; φωτισμοί, Μελίνα Μάσχα ; video παραστάσης, Γιάννης Γαϊτανίδης ; montage video, Αγγέλα Δεσποτίδου ; βοηθός σκηνοθέτη και χειρισμός video και ήχων, Ουρανία Κακουλίδου ; βοηθός σκηνογράφου, Γεωργία Γιαννοπούλου ; αυθεντική κίνηση, Madeleine Kinigadner-Lissy. 
511 0 |a Γρηγόρης Γαλάτης, Βασίλης Καραμπούλας, Μανώλης Μαυροματάκης, Δημοσθένης Παπαδόπουλος, Δημήτρης Τάρλοου.  
650 0 |a English drama. 
650 0 |a Therapist and patient  |x Drama. 
700 1 |a Estienne, Marie-Hélène. 
852 |a INST  |b SYROS  |e 20230717  |h 822 BRO  |p 005500016078  |q 005500016078  |t BK  |y 0 
970 |a Κοντού  |b Παρασκευή  |z 18/07/2023